Thị trường địa ốc : Phụ trương thông tin quản cáo của Thời báo Kinh tế Sài Gòn Số 14 (240)
Số này trình bày về thị trường bất động sản gồm các mục: khảo sát thị trường, dự án , ghi nhận và xu hướng thị trường,...
সংরক্ষণ করুন:
| বিন্যাস: | গ্রন্থ |
|---|---|
| ভাষা: | Vietnamese |
| প্রকাশিত: |
Tp. Hồ Chí Minh
Uỷ ban nhân dân Tp. Hồ Chí Minh
2014
|
| বিষয়গুলি: | |
| ট্যাগগুলো: |
ট্যাগ যুক্ত করুন
কোনো ট্যাগ নেই, প্রথমজন হিসাবে ট্যাগ করুন!
|
| Thư viện lưu trữ: | Thư viện Trường Đại học Nam Cần Thơ |
|---|
| LEADER | 01040nam a22002057a 4500 | ||
|---|---|---|---|
| 001 | NCT_130221 | ||
| 008 | 220310b xxu||||| |||| 00| 0 vie d | ||
| 999 | |c 6684 |d 6684 | ||
| 041 | 0 | |a vie | |
| 082 | 0 | 4 | |2 23rd ed. |a 333.33 |b Th300T |
| 245 | 0 | 0 | |a Thị trường địa ốc : |b Phụ trương thông tin quản cáo của Thời báo Kinh tế Sài Gòn |n Số 14 (240) |c Uỷ ban nhân dân Tp. Hồ Chí Minh |
| 260 | |a Tp. Hồ Chí Minh |b Uỷ ban nhân dân Tp. Hồ Chí Minh |c 2014 | ||
| 300 | |c 29cm | ||
| 310 | |a 1 tháng 2 kỳ | ||
| 362 | |a 08/2014 | ||
| 520 | 3 | |a Số này trình bày về thị trường bất động sản gồm các mục: khảo sát thị trường, dự án , ghi nhận và xu hướng thị trường,... | |
| 655 | |a Tạp chí | ||
| 942 | |2 ddc |c CR | ||
| 952 | |0 0 |1 0 |2 ddc |4 0 |6 333_330000000000000_TH300T |7 0 |9 24558 |a 000001 |b 000001 |d 2022-05-31 |o 333.33 Th300T |r 2022-05-31 |w 2022-05-31 |y CR | ||
| 980 | |a Thư viện Trường Đại học Nam Cần Thơ | ||